[Event "ARM-ch Club 2018"]
[Site "Yerevan"]
[Date "2018.06.08"]
[Round "1"]
[White "Karatorossian, David"]
[Black "Yeremyan, Alen"]
[Result "1-0"]
[WhiteElo "2233"]
[BlackElo "2033"]
[Annotator "NA"]
[PlyCount "89"]
[EventDate "2018.??.??"]
[EventCountry "ARM"]
[SourceTitle "playchess.com"]
[Source "ChessBase"]
[SourceQuality "1"]
[TimeControl "5400+30"]

1. Nf3 {[%emt 0:00:00]} Nf6 {[%emt 0:00:30]} 2. g3 {[%emt 0:00:00]} g6 {[%emt 0:00:35]} 3. b3 {[%emt 0:00:35]} Bg7 {[%emt 0:01:04]} 4. Bb2 {[%emt 0:00:07]} O-O {[%emt 0:00:56]} 5. Bg2 {[%emt 0:00:08]} d6 {[%emt 0:01:48]} 6. d4 {[%emt 0:05:21]} e5 {[%emt 0:06:46]} 7. dxe5 {[%emt 0:04:17]} Ng4 {[%emt 0:01:03]} 8. O-O {[%emt 0:00:49]} Nc6 {[%emt 0:02:14]} 9. c4 {[%emt 0:04:33]} Ngxe5 {[%emt 0:02:23]} 10. Nxe5 {[%emt 0:01:07]} Nxe5 {[%emt 0:03:43]} 11. Nc3 {[%emt 0:00:40] LiveBook: 41 Games} Bd7 {[%emt 0:05:56] E60: King's Indian: Unusual lines and Fianchetto Variation without Nc3} 12. Qd2 {[%emt 0:03:10]} ({Of course not} 12. Bxb7 Rb8 $15) 12... Bc6 {[%emt 0:06:22]} 13. Nd5 {[%emt 0:00:36]} Bxd5 {[%emt 0:06:03] [#]} 14. Bxd5 $146 {[%emt 0:01:48]} ({Predecessor:} 14. cxd5 f5 15. Rac1 Qe7 16. Qb4 b6 17. Bxe5 Bxe5 18. f4 Bf6 19. e4 fxe4 20. Qxe4 Qxe4 21. Bxe4 {1-0 (45) Rakhmanov,A (2627)-Schmidek,E (2163) Wunsiedel 2015}) 14... c6 {[%emt 0:00:39]} 15. Bg2 {[%emt 0:00:24]} Qb6 {[%emt 0:01:25]} 16. Bc3 {[%emt 0:01:56]} ({Reject} 16. Qxd6 $6 Nxc4 17. bxc4 Rad8 $15) 16... a5 {[%emt 0:02:19]} 17. Rab1 {[%emt 0:06:29]} Qc5 {[%emt 0:06:48]} 18. e3 $14 {[%emt 0:12:52]} Qa3 {[%emt 0:07:59]} 19. Qc2 {[%emt 0:08:13]} Rac8 {[%emt 0:02:28]} 20. Kh1 {[%emt 0:03:07]} Rfe8 {[%emt 0:09:00]} 21. Bb2 {[%emt 0:09:56]} Qc5 {[%emt 0:01:50]} 22. Bd4 {[%emt 0:00:59]} Qa3 {[%emt 0:00:56]} 23. Rfd1 {[%emt 0:02:16]} Nd7 {[%emt 0:08:04]} 24. Bh3 {[%emt 0:02:41]} f5 {[%emt 0:01:48]} 25. g4 {[%emt 0:02:43]} Bxd4 {[%emt 0:06:53]} 26. Rxd4 {[%emt 0:00:13]} Nf6 {[%emt 0:01:05]} 27. gxf5 {[%emt 0:01:10]} g5 {[%emt 0:00:25]} 28. Rbd1 {[%emt 0:07:05]} d5 {[%emt 0:04:43]} 29. Bg2 {[%emt 0:02:45]} Qc5 {[%emt 0:00:50]} 30. Qd3 {[%emt 0:01:55]} Qd6 {[%emt 0:02:56]} 31. cxd5 {[%emt 0:02:39]} c5 {[%emt 0:00:11]} 32. Ra4 {[%emt 0:01:50]} h5 {[%emt 0:00:53]} 33. Kg1 {[%emt 0:02:37]} Kf7 {[%emt 0:00:51]} 34. Rxa5 {[%emt 0:03:47]} Ng4 {[%emt 0:01:14]} 35. h3 {[%emt 0:00:29]} Nf6 {[%emt 0:01:01]} 36. Ra4 {[%emt 0:01:09]} g4 {[%emt 0:00:52]} 37. h4 {[%emt 0:02:25]} g3 {[%emt 0:00:16]} 38. f3 {[%emt 0:01:01]} b5 {[%emt 0:00:12]} 39. Ra7+ {[%emt 0:01:40]} Kf8 {[%emt 0:00:41]} 40. Qxb5 {[%emt 0:01:30]} Qe5 {[%emt 0:03:03]} 41. e4 {[%emt 0:01:04]} Rcd8 {[%emt 0:01:33]} 42. Qxc5+ {[%emt 0:00:40]} Kg8 {[%emt 0:00:03]} 43. Qc7 {[%emt 0:01:01]} Qxc7 {[%emt 0:00:22]} 44. Rxc7 {[%emt 0:00:05]} Ra8 {[%emt 0:00:03]} 45. d6 {[%emt 0:01:16]} 1-0

[Event "ARM-ch Club 2018"]
[Site "Yerevan"]
[Date "2018.06.08"]
[Round "1"]
[White "Barseghyan, Armen Ar."]
[Black "Kotanjian, Tigran"]
[Result "1/2-1/2"]
[WhiteElo "2219"]
[BlackElo "2488"]
[Annotator "TA"]
[PlyCount "125"]
[EventDate "2018.??.??"]
[EventCountry "ARM"]
[SourceTitle "playchess.com"]
[Source "ChessBase"]
[SourceQuality "1"]

{[%evp 18,125,15,27,62,62,77,64,110,0,0,-19,0,-31,-30,-40,-62,-53,11,17,40,35,34,33,44,55,51,32,75,82,72,73,76,73,70,63,47,52,69,26,112,111,210,213,282,271,264,262,254,247,475,472,428,182,210,210,188,92,218,211,216,208,207,200,198,198,197,68,112,110,134,134,134,134,126,125,183,176,165,151,226,211,278,289,272,266,212,50,47,47,61,0,0,0,0,0,0,0,0,0,0,0,0,0,0,0,0,0,0,0]} 1. d4 Nf6 2. Nf3 g6 3. g3 Bg7 4. Bg2 c5 5. c4 cxd4 6. Nxd4 O-O 7. Nc3 Qc7 {E60: King's Indian: Unusual lines and Fianchetto Variation without Nc3} 8. b3 (8. Qd3 Nc6 9. Bf4 d6 10. Nxc6 bxc6 11. O-O a5 12. b3 Bb7 13. Rad1 Nd7 14. Qe3 Rfe8 15. Rc1 e5 16. Bh6 Bxh6 17. Qxh6 Nc5 18. Rfd1 Rad8 19. Rc2 f5 20. Qc1 Bc8 21. Rcd2 Be6 22. Qa3 {½-½ (22) Dreev,A (2653)-Bruzon Batista,L (2664) Havana 2018}) 8... d5 9. O-O dxc4 10. Ncb5 {LiveBook: 13 Games} Qd7 11. bxc4 Rd8 $146 {Strongly threatening ...e5.} ({Predecessor:} 11... a6 12. Qa4 axb5 13. Qxa8 Qxd4 14. Be3 Qxc4 15. Rac1 Qxe2 {½-½ (64) Chapman,T (2312)-Gormally,D (2512) Bedford 2013}) 12. Bb2 a6 13. Na3 ({White must play} 13. Qa4 $16) 13... Qc7 $11 {aiming for ...e5.} 14. Qc1 Nbd7 15. Nb3 Nc5 16. Qf4 Qxf4 17. gxf4 Na4 ({Black should play} 17... Nfe4 $15 18. Bxg7 Kxg7) 18. Be5 Nd7 19. Bxg7 Kxg7 20. Rfd1 Re8 21. Bxb7 Bxb7 22. Rxd7 Bc6 23. Rc7 Rac8 24. Rxc8 Rxc8 25. Rc1 Bd7 26. c5 Be6 27. c6 $36 {[%mdl 2048] White is more active.} Bd5 28. c7 Nb6 (28... Kf8 $11) 29. Nc5 $1 $16 f5 (29... Bxa2 $16 30. e4 (30. Nxa6 Ra8 $11) 30... a5) 30. Nxa6 $18 Bxa2 31. Rc6 Na8 32. Nb5 {Hoping for Na7.} Bd5 33. Rc1 Nb6 $2 (33... Bb7 {was called for.}) 34. Na7 Ra8 35. Nb4 (35. Rb1 $142 Nc8 36. Nxc8 Rxc8 37. Rb8) 35... Rxa7 36. Nxd5 {[%mdl 4096] Endgame KRN-KRN} Nc8 37. f3 (37. Nb4 $18 {is more deadly.}) 37... e6 (37... Kf7 $16 {was worth a try.}) 38. Nb4 Rb7 39. Nd3 Kf7 40. Rc6 Ke7 41. Ne5 Rb4 42. Ra6 (42. Rc1 $18 Kd6 43. e3) 42... Rb1+ 43. Kf2 {Black must now prevent Ra8.} Rc1 44. Rc6 Rxc6 45. Nxc6+ $16 {KN-KN} Kd6 46. Nd8 Ne7 {[#]} (46... e5 $16 {was necessary.}) 47. e4 $1 $18 Kd7 48. Ke3 fxe4 (48... h6 $16 {is a better defense.} 49. Kd4 Kxc7) 49. fxe4 e5 50. fxe5 Kxc7 51. Ne6+ Kc6 {[#]} 52. Kf4 $2 (52. Ng5 $1 $18) 52... h6 $1 $14 53. Nf8 Kc5 54. Nxg6 ({White should try} 54. Ke3 $14) 54... Nxg6+ {KN-K3P. The position is equal.} 55. Kf5 Ne7+ 56. Kf6 Nc6 57. e6 Kd4 58. h4 Kxe4 59. h5 Kd5 60. e7 Nxe7 $1 61. Kxe7 Ke5 62. Kd7 Kf5 (62... Kf6 $5) 63. Kd6 {Precision: White = 59%, Black = 43%.} 1/2-1/2

[Event "ARM-ch Club 2018"]
[Site "Yerevan"]
[Date "2018.06.08"]
[Round "1"]
[White "Shmavonyan, Areg"]
[Black "Inants, Aghasi"]
[Result "1/2-1/2"]
[WhiteElo "2103"]
[BlackElo "2314"]
[Annotator "NA"]
[PlyCount "81"]
[EventDate "2018.??.??"]
[EventCountry "ARM"]
[SourceTitle "playchess.com"]
[Source "ChessBase"]
[SourceQuality "1"]
[TimeControl "5400+30"]

1. e4 {[%emt 0:00:00]} e5 {[%emt 0:03:33]} 2. Nf3 {[%emt 0:00:00]} Nc6 {[%emt 0:00:09]} 3. Bb5 {[%emt 0:00:00]} Nge7 {[%emt 0:01:23]} 4. O-O {[%emt 0:00:26]} g6 {[%emt 0:00:14]} 5. c3 {[%emt 0:02:08]} Bg7 {[%emt 0:02:03]} 6. d4 {[%emt 0:00:46]} a6 {[%emt 0:00:57]} 7. Ba4 {[%emt 0:08:43]} b5 {[%emt 0:02:12]} 8. Bc2 {[%emt 0:04:53]} d6 {[%emt 0:05:00]} 9. a4 {[%emt 0:06:43]} Bg4 {[%emt 0:03:55]} 10. d5 {[%emt 0:02:49]} Na5 {[%emt 0:02:25]} 11. Nbd2 {[%emt 0:02:12]} c6 {[%emt 0:07:12] [#]} 12. b4 $1 {[%emt 0:11:42]} Nb7 {[%emt 0:04:28]} 13. dxc6 {[%emt 0:06:09]} Nxc6 {[%emt 0:00:20]} 14. axb5 {[%emt 0:03:37]} axb5 {[%emt 0:00:26]} 15. Rxa8 {[%emt 0:04:56]} Qxa8 {[%emt 0:00:03]} 16. Qe2 {[%emt 0:04:26]} Na7 $16 {[%emt 0:02:08]} 17. Bd3 {[%emt 0:03:12]} Bd7 {[%emt 0:00:17]} 18. Nb3 {[%emt 0:02:46]} Qc8 {[%emt 0:06:49]} 19. Bd2 {[%emt 0:03:21]} Qc6 {[%emt 0:06:50]} 20. Ra1 {[%emt 0:00:44]} Nc8 {[%emt 0:00:19]} 21. Na5 {[%emt 0:06:34]} Qa6 {[%emt 0:01:36]} 22. c4 {[%emt 0:04:19]} bxc4 {[%emt 0:01:32]} 23. Bxc4 {[%emt 0:00:10]} Qb6 {[%emt 0:01:23]} 24. Bd5 {[%emt 0:07:28]} Nd8 {[%emt 0:01:48]} 25. Nc4 {[%emt 0:01:37]} Qc7 {[%emt 0:02:33]} 26. Rc1 {[%emt 0:02:18]} Qb8 {[%emt 0:00:47]} 27. Rb1 {[%emt 0:06:59]} Bb5 {[%emt 0:07:44]} 28. Bg5 {[%emt 0:02:28]} O-O {[%emt 0:04:54]} 29. Bxd8 {[%emt 0:02:06]} Rxd8 {[%emt 0:00:45]} 30. Ng5 {[%emt 0:00:25]} Be8 {[%emt 0:09:20]} 31. Na5 {[%emt 0:00:58]} Ne7 {[%emt 0:02:33]} 32. Bc4 {[%emt 0:00:25]} h6 {[%emt 0:01:17]} 33. Nf3 {[%emt 0:00:01]} d5 {[%emt 0:01:39]} 34. exd5 {[%emt 0:00:50]} Nxd5 {[%emt 0:00:14]} 35. Qe1 {[%emt 0:00:30]} e4 {[%emt 0:02:26]} 36. Bxd5 {[%emt 0:00:34]} Rxd5 {[%emt 0:04:25]} 37. Qxe4 {[%emt 0:00:01]} Rb5 {[%emt 0:08:33]} 38. Nc6 {[%emt 0:01:02]} Bxc6 {[%emt 0:00:53]} 39. Qxc6 {[%emt 0:00:04]} Rxb4 {[%emt 0:00:16]} 40. Rxb4 {[%emt 0:00:39]} Qxb4 {[%emt 0:00:11]} 41. Qe8+ {[%emt 0:00:15]} 1/2-1/2